00887nam a2200193 i 450000100060000000300090000600500170001500700030003200800410003510000240007624502250010026000550032530000390038070000520041970000520047185200320052399900170055595201210057236122ES-MaACL20250730063056.0t|030217s1943 sp ||||1| spa d1 aBrandi, Karl93134310aCarlos V b: vida y fortuna de una personalidad y de un imperio mundial / cpor Karl Brandi ; traducción del alemán y notas por Manuel Ballesteros Gaibrois ; con un proemio y epílogo de Antonio Ballesteros Beretta. aMadrid : bEditora Nacional, c1943 (fImp. Sèz) a535 p. : b2 map. pleg. ; c26 cm.1 aBallesteros Gaibrois, Manuel,d1911-20029250561 aBallesteros Beretta, Antonio,d1880-1949925050 aES-MaACLjF-15645 bR.19938 c36122d36122 00104070aATENEOMbATENEOMcSPP2d2008-01-17eSCl0oF-15645p1037911r2023-02-23 00:00:00w2023-02-23yMONOGRAFIA